[Event "POL-chT 2 Liga 2019"]
[Site "Poronin"]
[Date "2019.09.07"]
[Round "1.44"]
[White "Okrucinski, Tadeusz"]
[Black "Ustianovich, Nazar"]
[Result "0-1"]
[WhiteElo "2164"]
[BlackElo "2369"]
[Annotator "TA"]
[PlyCount "40"]
[EventDate "2019.09.07"]
[EventType "team-tourn"]
[EventCountry "POL"]
[SourceTitle "playchess.com"]
[Source "ChessBase"]
[SourceQuality "1"]

{[%evp 9,42,31,25,27,39,8,12,-22,-16,-20,-26,-23,9,-22,-20,-30,44,-69,-45,-95,-82,-78,-63,-198,-202,-262,-259,-293,-310,-574,-568,-795,-643,-610,-598]} 1. d4 Nf6 2. Nf3 b5 3. e3 a6 4. Bd3 Bb7 5. O-O e6 6. a4 {A46: 1 d4 Nf6 2 Nf3 e6: Torre, London and Colle Systems} (6. b3 c5 7. Bb2 cxd4 8. exd4 Be7 9. Nbd2 O-O 10. Qe2 Nc6 11. a3 Qc7 12. Rfe1 Rfe8 13. Nf1 {0-1 (46) Lomineishvili,M (2366)-Zhao,X (2543) Batumi 2012}) 6... b4 7. c3 c5 8. dxc5 $146 {The position is equal.} ({Predecessor:} 8. Re1 Qc7 9. Nbd2 d6 10. cxb4 cxb4 11. e4 Nbd7 12. b3 Qc3 13. Rb1 d5 14. Bb2 Qc7 15. e5 Ng8 16. Rc1 Qd8 {½-½ (16) Christen,P (2007)-Mestek,I (2199) Koge 2010}) 8... Bxc5 9. cxb4 Bxb4 10. e4 d6 ({Don't go for} 10... Bxe4 $2 11. Bxe4 Nxe4 12. Qd4 $18) 11. Qb3 (11. Bd2 $5 {[%cal Rd2b4]} Nc6 12. a5 $11) 11... Nc6 12. Bd2 Rb8 (12... a5 $11) 13. a5 ({White should try} 13. Bxb4 $14 Ba8 14. Bxa6 Rxb4 15. Qa3) 13... Ba8 {...Bxd2 is the strong threat.} 14. Qa4 O-O 15. Rc1 Bc5 $36 {[%mdl 2048] Hoping for ...Nb4. White is under pressure.} 16. Na3 ({White should play} 16. Bxa6 $15 Rxb2 17. Bf1) 16... Nb4 $19 ({Don't do} 16... Rxb2 17. Nc4 $17) 17. Bxb4 Rxb4 {[%mdl 64] [#] Double Attack} 18. Qc2 {White hopes to continue with Qe2.} Nxe4 19. Rf1 $2 (19. Bxe4 Bxe4 20. Qe2) 19... Ng5 {Black is clearly winning.} 20. Ne1 {[#]} Rh4 {Played: Ng5-h3} 0-1

[Event "POL-chT 2 Liga 2019"]
[Site "Poronin"]
[Date "2019.09.07"]
[Round "1.45"]
[White "Smolka, Marcin"]
[Black "Walkusz, Witoslaw"]
[Result "1/2-1/2"]
[WhiteElo "2178"]
[BlackElo "2061"]
[Annotator "ChessBase"]
[PlyCount "38"]
[EventDate "2019.09.07"]
[EventType "team-tourn"]
[EventCountry "POL"]
[SourceTitle "playchess.com"]
[Source "ChessBase"]
[SourceQuality "1"]
[TimeControl "40/5400+30:1800+30"]

1. e4 {[%emt 0:00:00]} e5 {[%emt 0:00:00]} 2. Nf3 {[%emt 0:00:00]} Nc6 {[%emt 0:00:00]} 3. Bc4 {[%emt 0:00:00]} Nf6 {[%emt 0:00:00]} 4. d3 {[%emt 0:00:00]} h6 {[%emt 0:01:31]} 5. c3 {[%emt 0:00:39]} Be7 {[%emt 0:00:20]} 6. O-O {[%emt 0:00:21]} a6 {[%emt 0:02:10]} 7. Bb3 {[%emt 0:01:24]} d5 {[%emt 0:04:16]} 8. exd5 {[%emt 0:03:41]} Nxd5 {[%emt 0:00:06]} 9. Re1 {[%emt 0:00:02]} Qd6 {[%emt 0:00:19]} 10. d4 {[%emt 0:02:14]} exd4 {[%emt 0:28:34]} 11. Nxd4 {[%emt 0:04:01]} Nxd4 {[%emt 0:00:36]} 12. Qxd4 {[%emt 0:00:39]} Be6 {[%emt 0:00:42]} 13. Bxd5 {[%emt 0:04:27]} Qxd5 {[%emt 0:01:28]} 14. Qxd5 {[%emt 0:00:47]} Bxd5 {[%emt 0:00:04]} 15. Bf4 {[%emt 0:00:14]} Rc8 {[%emt 0:01:39]} 16. Na3 {[%emt 0:03:31]} Be6 {[%emt 0:02:29]} 17. Nc2 {[%emt 0:00:34]} c5 {[%emt 0:09:51]} 18. Ne3 {[%emt 0:01:34]} Rd8 {[%emt 0:11:39]} 19. h3 {[%emt 0:05:40]} g5 1/2-1/2

[Event "POL-chT 2 Liga 2019"]
[Site "Poronin"]
[Date "2019.09.07"]
[Round "1.46"]
[White "Kubica, Kamil"]
[Black "Wozniak, Mariola"]
[Result "1-0"]
[WhiteElo "2099"]
[BlackElo "2158"]
[Annotator "ChessBase"]
[PlyCount "47"]
[EventDate "2019.09.07"]
[EventType "team-tourn"]
[EventCountry "POL"]
[SourceTitle "playchess.com"]
[Source "ChessBase"]
[SourceQuality "1"]
[TimeControl "40/5400+30:1800+30"]

1. d4 {[%emt 0:00:00]} f5 {[%emt 0:00:00]} 2. g3 {[%emt 0:00:26]} Nf6 {[%emt 0:00:00]} 3. Bg2 {[%emt 0:00:38]} g6 {[%emt 0:00:02]} 4. Nh3 {[%emt 0:01:27]} Bg7 {[%emt 0:01:50]} 5. Nf4 {[%emt 0:02:47]} e6 {[%emt 0:02:58]} 6. h4 {[%emt 0:02:33]} Nc6 {[%emt 0:21:31]} 7. h5 {[%emt 0:08:47]} g5 {[%emt 0:03:27]} 8. h6 {[%emt 0:00:55]} Bf8 {[%emt 0:01:21]} 9. Nh3 {[%emt 0:06:28]} g4 {[%emt 0:09:48]} 10. Nf4 {[%emt 0:03:41]} d5 {[%emt 0:03:22]} 11. b3 {[%emt 0:07:49]} Bd7 {[%emt 0:14:54]} 12. Bb2 {[%emt 0:03:13]} Qe7 {[%emt 0:05:28]} 13. Nd2 {[%emt 0:07:16]} O-O-O {[%emt 0:01:27]} 14. c4 {[%emt 0:02:27]} Be8 {[%emt 0:06:26]} 15. Rc1 {[%emt 0:12:59]} Rg8 {[%emt 0:02:08]} 16. Qc2 {[%emt 0:05:18]} Nb4 {[%emt 0:02:52]} 17. Qb1 {[%emt 0:00:24]} dxc4 {[%emt 0:02:13]} 18. bxc4 {[%emt 0:03:36]} Qd7 {[%emt 0:07:54]} 19. d5 {[%emt 0:03:12]} Nfxd5 {[%emt 0:06:37]} 20. cxd5 {[%emt 0:00:26]} Bf7 {[%emt 0:01:01]} 21. Nc4 {[%emt 0:08:02]} Nxd5 {[%emt 0:02:11]} 22. Ne5 {[%emt 0:00:44]} Bb4+ {[%emt 0:01:12]} 23. Kf1 {[%emt 0:00:10]} Qe7 {[%emt 0:01:57]} 24. Bxd5 {[%emt 0:00:36]} 1-0

[Event "POL-chT 2 Liga 2019"]
[Site "Poronin"]
[Date "2019.09.07"]
[Round "1.48"]
[White "Dziodzio, Angelika"]
[Black "Murawko, Katarzyna"]
[Result "1-0"]
[WhiteElo "2117"]
[BlackElo "2062"]
[Annotator "ChessBase"]
[PlyCount "74"]
[EventDate "2019.09.07"]
[EventType "team-tourn"]
[EventCountry "POL"]
[SourceTitle "playchess.com"]
[Source "ChessBase"]
[SourceQuality "1"]
[TimeControl "40/5400+30:1800+30"]

1. e4 {[%emt 0:00:00]} c5 {[%emt 0:00:00]} 2. Nf3 {[%emt 0:00:00]} g6 {[%emt 0:00:00]} 3. d4 {[%emt 0:00:00]} Bg7 {[%emt 0:00:10]} 4. c3 {[%emt 0:00:20]} Qb6 {[%emt 0:16:04]} 5. dxc5 {[%emt 0:11:25]} Qxc5 {[%emt 0:01:36]} 6. Be3 {[%emt 0:00:12]} Qc7 {[%emt 0:01:15]} 7. Qb3 {[%emt 0:02:40]} Nh6 {[%emt 0:26:14]} 8. Na3 {[%emt 0:02:21]} Nc6 {[%emt 0:01:29]} 9. Nb5 {[%emt 0:05:09]} Qb8 {[%emt 0:02:40]} 10. Be2 {[%emt 0:02:25]} O-O {[%emt 0:05:25]} 11. h3 {[%emt 0:01:36]} d6 {[%emt 0:10:44]} 12. O-O {[%emt 0:07:15]} a6 {[%emt 0:03:03]} 13. Nbd4 {[%emt 0:00:38]} e5 {[%emt 0:00:15]} 14. Nc2 {[%emt 0:09:47]} Be6 {[%emt 0:03:38]} 15. Qa3 {[%emt 0:01:22]} f6 {[%emt 0:03:34]} 16. Bb6 {[%emt 0:02:48]} Nf7 {[%emt 0:02:18]} 17. Ne3 {[%emt 0:00:38]} f5 {[%emt 0:01:40]} 18. Nd2 {[%emt 0:01:45]} Ne7 {[%emt 0:06:02]} 19. Rad1 {[%emt 0:03:19]} Qc8 {[%emt 0:07:04]} 20. Ndc4 {[%emt 0:01:56]} Qc6 {[%emt 0:00:25]} 21. Qb4 {[%emt 0:06:12]} Nc8 {[%emt 0:01:37]} 22. exf5 {[%emt 0:08:27]} gxf5 {[%emt 0:00:29]} 23. Ba5 {[%emt 0:10:27]} f4 {[%emt 0:01:29]} 24. Ng4 {[%emt 0:02:36]} b6 {[%emt 0:03:13]} 25. Nxb6 {[%emt 0:01:43]} Rb8 {[%emt 0:00:03]} 26. Bf3 {[%emt 0:00:47]} d5 {[%emt 0:01:59]} 27. Nxd5 {[%emt 0:02:51]} Bxg4 {[%emt 0:00:25]} 28. Qxb8 {[%emt 0:01:18]} Bxf3 {[%emt 0:00:01]} 29. gxf3 {[%emt 0:00:02]} Ng5 {[%emt 0:00:50]} 30. Qxc8 {[%emt 0:01:35]} Nxf3+ {[%emt 0:00:39]} 31. Kh1 {[%emt 0:00:01]} Rxc8 {[%emt 0:00:37]} 32. Ne7+ {[%emt 0:00:08]} Kf7 33. Nxc6 {[%emt 0:00:06]} Rxc6 {[%emt 0:00:23]} 34. Rd7+ {[%emt 0:00:36]} Kg8 {[%emt 0:01:07]} 35. Rfd1 {[%emt 0:02:06]} Rh6 {[%emt 0:00:26]} 36. Kg2 {[%emt 0:00:40]} e4 {[%emt 0:00:35]} 37. Re7 {[%emt 0:01:33]} Rg6+ {c4} 1-0

[Event "POL-chT 2 Liga 2019"]
[Site "Poronin"]
[Date "2019.09.07"]
[Round "1.49"]
[White "Kukula, Pawel"]
[Black "Wandzik, Wojciech"]
[Result "1/2-1/2"]
[WhiteElo "2195"]
[BlackElo "2409"]
[Annotator "ChessBase"]
[PlyCount "46"]
[EventDate "2019.09.07"]
[EventType "team-tourn"]
[EventCountry "POL"]
[SourceTitle "playchess.com"]
[Source "ChessBase"]
[SourceQuality "1"]
[TimeControl "40/5400+30:1800+30"]

1. d4 {[%emt 0:00:00]} Nf6 {[%emt 0:00:00]} 2. c4 {[%emt 0:00:00]} e6 {[%emt 0:00:00]} 3. Nc3 {[%emt 0:00:22]} Bb4 {[%emt 0:00:53]} 4. a3 {[%emt 0:00:33]} Bxc3+ {[%emt 0:00:55]} 5. bxc3 {[%emt 0:00:11]} O-O {[%emt 0:00:49]} 6. f3 {[%emt 0:02:33]} d5 {[%emt 0:10:17]} 7. e3 {[%emt 0:02:06]} c5 {[%emt 0:03:05]} 8. cxd5 {[%emt 0:03:17]} exd5 {[%emt 0:00:08]} 9. Bd3 {[%emt 0:00:08]} Re8 {[%emt 0:06:59]} 10. Ne2 {[%emt 0:00:49]} Nc6 {[%emt 0:07:26]} 11. O-O {[%emt 0:01:00]} Qd6 {[%emt 0:02:09]} 12. Ng3 {[%emt 0:11:51]} Bd7 {[%emt 0:03:30]} 13. Nf5 {[%emt 0:12:37]} Bxf5 {[%emt 0:01:51]} 14. Bxf5 {[%emt 0:00:07]} Na5 {[%emt 0:01:24]} 15. Re1 {[%emt 0:09:44]} g6 {[%emt 0:04:11]} 16. Bd3 {[%emt 0:01:09]} Rac8 {[%emt 0:00:18]} 17. Qa4 {[%emt 0:01:45]} b6 {[%emt 0:05:13]} 18. Bd2 {[%emt 0:05:13]} Re7 {[%emt 0:03:07]} 19. Rac1 {[%emt 0:03:02]} Qc6 {[%emt 0:14:51]} 20. Bb5 {[%emt 0:08:34]} Qb7 {[%emt 0:00:18]} 21. Bd3 {[%emt 0:02:11]} Qc6 {[%emt 0:05:13]} 22. Bb5 {[%emt 0:01:30]} Qb7 {[%emt 0:00:11]} 23. Bd3 {[%emt 0:00:06]} Qc6 {[%emt 0:12:30]} 1/2-1/2

[Event "POL-chT 2 Liga 2019"]
[Site "Poronin"]
[Date "2019.09.07"]
[Round "1.50"]
[White "Lizak, Jakub"]
[Black "Karpus, Michal"]
[Result "0-1"]
[WhiteElo "2236"]
[BlackElo "2290"]
[Annotator "ChessBase"]
[PlyCount "78"]
[EventDate "2019.09.07"]
[EventType "team-tourn"]
[EventCountry "POL"]
[SourceTitle "playchess.com"]
[Source "ChessBase"]
[SourceQuality "1"]
[TimeControl "40/5400+30:1800+30"]

1. e4 {[%emt 0:02:01]} e5 {[%emt 0:00:00]} 2. Nf3 {[%emt 0:00:03]} Nc6 {[%emt 0:00:01]} 3. g3 {[%emt 0:00:04]} Nf6 {[%emt 0:02:38]} 4. d3 {[%emt 0:00:03]} d5 {[%emt 0:07:08]} 5. exd5 {[%emt 0:00:04]} Nxd5 {[%emt 0:01:57]} 6. Bg2 {[%emt 0:00:07]} Bg4 {[%emt 0:03:02]} 7. O-O {[%emt 0:00:31]} Qd7 {[%emt 0:01:53]} 8. Qe1 {[%emt 0:06:38]} f6 {[%emt 0:05:44]} 9. Be3 {[%emt 0:07:58]} O-O-O {[%emt 0:04:21]} 10. Nc3 {[%emt 0:04:53]} Nxe3 {[%emt 0:03:00]} 11. fxe3 {[%emt 0:00:19]} h5 {[%emt 0:02:22]} 12. Qf2 {[%emt 0:01:44]} Bc5 {[%emt 0:04:08]} 13. a3 {[%emt 0:02:17]} g5 {[%emt 0:09:17]} 14. Nd2 {[%emt 0:03:03]} h4 {[%emt 0:04:34]} 15. Nce4 {[%emt 0:06:54]} Be7 {[%emt 0:01:41]} 16. Nb3 {[%emt 0:04:13]} hxg3 {[%emt 0:08:17]} 17. Qxg3 {[%emt 0:00:12]} f5 {[%emt 0:01:49]} 18. Nec5 {[%emt 0:02:53]} Bxc5 {[%emt 0:02:00]} 19. Nxc5 {[%emt 0:00:06]} Qd6 {[%emt 0:04:49]} 20. b4 {[%emt 0:01:02]} Rh4 {[%emt 0:02:11]} 21. Rxf5 {[%emt 0:05:14]} Bxf5 {[%emt 0:06:36]} 22. Qxg5 {[%emt 0:00:08]} Qh6 {[%emt 0:00:48]} 23. Qxf5+ {[%emt 0:00:09]} Kb8 {[%emt 0:01:08]} 24. Qf3 {[%emt 0:03:11]} e4 {[%emt 0:01:23]} 25. Qg3 {[%emt 0:01:53]} Rh8 {[%emt 0:07:01]} 26. Rf1 {[%emt 0:05:00]} Rxh2 {[%emt 0:01:18]} 27. Nxe4 {[%emt 0:00:39]} Rh1+ {[%emt 0:05:33]} 28. Kf2 {[%emt 0:01:01]} Rf8+ {[%emt 0:00:27]} 29. Ke2 {[%emt 0:03:24]} Rhxf1 {[%emt 0:00:25]} 30. Bxf1 {[%emt 0:00:03]} a5 {[%emt 0:00:19]} 31. Nc5 {[%emt 0:03:31]} Qh5+ {[%emt 0:01:45]} 32. Ke1 {[%emt 0:00:16]} Rf3 {[%emt 0:01:06]} 33. Qg1 {[%emt 0:04:20]} axb4 {[%emt 0:01:02]} 34. Be2 {[%emt 0:09:31]} Qh4+ {[%emt 0:00:35]} 35. Kd2 {[%emt 0:00:17]} Rg3 {[%emt 0:01:26]} 36. Qf2 {[%emt 0:02:16]} bxa3 {[%emt 0:01:49]} 37. Qf8+ {[%emt 0:03:31]} Qd8 {[%emt 0:00:40]} 38. Qf4 {[%emt 0:02:16]} Qd6 {[%emt 0:02:20]} 39. Qc4 {[%emt 0:00:35]} a2 {[%emt 0:00:31]} 0-1

[Event "POL-chT 2 Liga 2019"]
[Site "Poronin"]
[Date "2019.09.07"]
[Round "1.51"]
[White "Krainski, Aleksander"]
[Black "Duda, Lukasz"]
[Result "1-0"]
[WhiteElo "2104"]
[BlackElo "2209"]
[Annotator "ChessBase"]
[PlyCount "109"]
[EventDate "2019.09.07"]
[EventType "team-tourn"]
[EventCountry "POL"]
[SourceTitle "playchess.com"]
[Source "ChessBase"]
[SourceQuality "1"]
[TimeControl "40/5400+30:1800+30"]

1. d4 {[%emt 0:00:00]} d5 {[%emt 0:00:00]} 2. Nf3 {[%emt 0:00:00]} Nf6 {[%emt 0:00:02]} 3. e3 {[%emt 0:00:00]} e6 {[%emt 0:00:39]} 4. Bd3 {[%emt 0:00:04]} c5 {[%emt 0:03:13]} 5. b3 {[%emt 0:00:18]} Nbd7 {[%emt 0:06:32]} 6. Bb2 {[%emt 0:00:11]} b6 {[%emt 0:01:24]} 7. O-O {[%emt 0:00:18]} Bb7 {[%emt 0:00:49]} 8. Nbd2 {[%emt 0:03:03]} Be7 {[%emt 0:01:02]} 9. Ne5 {[%emt 0:01:36]} O-O {[%emt 0:09:41]} 10. f4 {[%emt 0:01:54]} Ne4 {[%emt 0:05:39]} 11. Ndf3 {[%emt 0:06:37]} f6 {[%emt 0:05:48]} 12. Nxd7 Qxd7 {[%emt 0:00:06]} 13. c4 {[%emt 0:04:39]} Rfd8 {[%emt 0:04:20]} 14. Qe2 {[%emt 0:02:33]} Rac8 {[%emt 0:03:46]} 15. Rfd1 {[%emt 0:07:40]} Qe8 {[%emt 0:04:40]} 16. Rac1 {[%emt 0:06:29]} Qh5 {[%emt 0:06:50]} 17. cxd5 {[%emt 0:08:18]} exd5 {[%emt 0:02:21]} 18. dxc5 {[%emt 0:00:24]} Bxc5 {[%emt 0:09:32]} 19. Nd4 {[%emt 0:05:26]} Qxe2 {[%emt 0:03:00]} 20. Bxe2 {[%emt 0:02:04]} Bxd4 {[%emt 0:11:53]} 21. Bxd4 {[%emt 0:01:46]} Rxc1 {[%emt 0:02:17]} 22. Rxc1 {[%emt 0:00:06]} Rc8 {[%emt 0:00:06]} 23. Rxc8+ {[%emt 0:03:40]} Bxc8 {[%emt 0:00:06]} 24. Bb5 {[%emt 0:01:05]} Kf7 {[%emt 0:03:45]} 25. Kf1 {[%emt 0:03:55]} Ke6 {[%emt 0:05:04]} 26. Ke1 {[%emt 0:00:26]} Nd6 {[%emt 0:01:27]} 27. Be2 {[%emt 0:05:18]} Nf5 {[%emt 0:04:16]} 28. Bg4 {[%emt 0:05:06]} Ke7 {[%emt 0:03:53]} 29. Bb2 {[%emt 0:05:43]} Be6 {[%emt 0:01:37]} 30. Kf2 {[%emt 0:05:23]} Nd6 {[%emt 0:00:29]} 31. Bf3 {[%emt 0:01:15]} Ne4+ {[%emt 0:00:05]} 32. Ke2 {[%emt 0:00:06]} Kd6 {[%emt 0:00:57]} 33. g4 {[%emt 0:05:12]} a5 {[%emt 0:00:18]} 34. Bd4 {[%emt 0:03:10]} Kc6 {[%emt 0:00:28]} 35. h4 {[%emt 0:01:24]} h6 {[%emt 0:00:43]} 36. Ke1 {[%emt 0:04:19]} Kc7 {[%emt 0:00:24]} 37. Bd1 {[%emt 0:04:23]} Kc6 {[%emt 0:00:19]} 38. g5 {[%emt 0:01:45]} hxg5 {[%emt 0:00:20]} 39. fxg5 {[%emt 0:00:06]} fxg5 {[%emt 0:00:55]} 40. h5 {[%emt 0:00:00]} g4 {[%emt 0:00:00]} 41. Bxg7 {[%emt 0:00:48]} g3 {[%emt 0:19:35]} 42. Kf1 {[%emt 0:02:49]} b5 {[%emt 0:01:59]} 43. Kg2 {[%emt 0:04:07]} Kd6 {[%emt 0:06:29]} 44. Be2 {[%emt 0:16:02]} b4 {[%emt 0:01:51]} 45. Bd3 {[%emt 0:02:17]} Ke7 {[%emt 0:01:17]} 46. Bd4 {[%emt 0:00:37]} Kf7 {[%emt 0:02:00]} 47. Bb6 {[%emt 0:01:40]} Kg7 {[%emt 0:00:29]} 48. Bxa5 {[%emt 0:01:45]} Nc3 {[%emt 0:00:34]} 49. Bxb4 {[%emt 0:01:08]} Nxa2 {[%emt 0:00:07]} 50. Bd2 {[%emt 0:01:50]} Kh6 {[%emt 0:01:19]} 51. Bg6 {[%emt 0:01:29]} Kg7 {[%emt 0:00:30]} 52. Bb1 {[%emt 0:00:27]} d4 {[%emt 0:00:19]} 53. exd4 {[%emt 0:00:06]} Bxb3 {[%emt 0:00:06]} 54. h6+ {[%emt 0:00:23]} Kh8 {[%emt 0:00:29]} 55. Bf4 {[%emt 0:00:16]} 1-0

[Event "POL-chT 2 Liga 2019"]
[Site "Poronin"]
[Date "2019.09.07"]
[Round "1.52"]
[White "Gola, Karol"]
[Black "Krainski, Slawomir"]
[Result "1-0"]
[WhiteElo "2203"]
[BlackElo "2077"]
[Annotator "ChessBase"]
[PlyCount "87"]
[EventDate "2019.09.07"]
[EventType "team-tourn"]
[EventCountry "POL"]
[SourceTitle "playchess.com"]
[Source "ChessBase"]
[SourceQuality "1"]
[TimeControl "40/5400+30:1800+30"]

1. e4 {[%emt 0:00:00]} e5 {[%emt 0:00:04]} 2. Nf3 {[%emt 0:00:00]} Nc6 {[%emt 0:00:05]} 3. d4 {[%emt 0:00:01]} exd4 {[%emt 0:00:21]} 4. Nxd4 {[%emt 0:00:04]} Nf6 {[%emt 0:00:26]} 5. Nxc6 {[%emt 0:00:44]} bxc6 {[%emt 0:00:08]} 6. Bd3 {[%emt 0:00:18]} d5 {[%emt 0:00:15]} 7. exd5 {[%emt 0:00:10]} cxd5 {[%emt 0:00:07]} 8. O-O {[%emt 0:00:11]} Be7 {[%emt 0:00:07]} 9. c4 {[%emt 0:02:05]} c6 {[%emt 0:00:32]} 10. Nc3 {[%emt 0:07:20]} O-O {[%emt 0:01:34]} 11. h3 {[%emt 0:13:24]} Be6 {[%emt 0:10:25]} 12. cxd5 {[%emt 0:12:24]} cxd5 {[%emt 0:03:05]} 13. Nb5 {[%emt 0:01:39]} Ne4 {[%emt 0:15:14]} 14. Nd4 {[%emt 0:13:30]} Bd7 {[%emt 0:00:32]} 15. Bc2 {[%emt 0:08:29]} Rc8 {[%emt 0:15:20]} 16. Bb3 {[%emt 0:09:03]} Be6 {[%emt 0:21:03]} 17. Be3 {[%emt 0:00:22]} Bd6 {[%emt 0:05:27]} 18. Nxe6 {[%emt 0:02:52]} fxe6 {[%emt 0:00:07]} 19. Bxd5 {[%emt 0:02:07]} Bh2+ {[%emt 0:00:43]} 20. Kxh2 {[%emt 0:00:04]} exd5 {[%emt 0:00:07]} 21. Bxa7 {[%emt 0:01:31]} Qc7+ {[%emt 0:03:46]} 22. Kg1 {[%emt 0:00:16]} Nc3 {[%emt 0:03:57]} 23. bxc3 {[%emt 0:00:24]} Qxa7 {[%emt 0:00:05]} 24. Qxd5+ {[%emt 0:00:06]} Kh8 {[%emt 0:00:06]} 25. Qd4 {[%emt 0:00:52]} Qa3 {[%emt 0:00:18]} 26. c4 {[%emt 0:08:25]} Rc6 {[%emt 0:01:48]} 27. Rfc1 {[%emt 0:01:27]} Rg6 {[%emt 0:01:04]} 28. Qe3 {[%emt 0:01:31]} Qa8 {[%emt 0:00:33]} 29. g3 {[%emt 0:01:23]} Rf3 {[%emt 0:08:27]} 30. Qe5 {[%emt 0:02:54]} Qf8 {[%emt 0:01:53]} 31. Rc2 {[%emt 0:01:53]} Rgf6 {[%emt 0:00:46]} 32. Qd4 {[%emt 0:02:46]} Rd6 {[%emt 0:02:52]} 33. Qe4 {[%emt 0:00:11]} Rdf6 {[%emt 0:00:20]} 34. Qd4 {[%emt 0:00:38]} Rd6 {[%emt 0:00:10]} 35. Qb2 {[%emt 0:02:31]} h5 {[%emt 0:00:54]} 36. h4 {[%emt 0:00:34]} Rdf6 {[%emt 0:01:37]} 37. Rb1 {[%emt 0:00:40]} Kh7 {[%emt 0:00:08]} 38. c5 {[%emt 0:01:32]} Qc8 {[%emt 0:00:57]} 39. Qe5 {[%emt 0:00:31]} g6 {[%emt 0:02:05]} 40. Rd1 {[%emt 0:00:00]} Qg4 {[%emt 0:00:00]} 41. Rd4 {[%emt 0:11:42]} Qc8 {[%emt 0:02:45]} 42. c6 {[%emt 0:02:56]} Rf7 {[%emt 0:06:15]} 43. c7 {[%emt 0:01:42]} R7f5 {[%emt 0:02:32]} 44. Rd8 {[%emt 0:01:50]} 1-0

[Event "POL-chT 2 Liga 2019"]
[Site "Poronin"]
[Date "2019.09.07"]
[Round "1.53"]
[White "Szczesniak, Andrzej"]
[Black "Szolc, Grzegorz"]
[Result "0-1"]
[WhiteElo "1941"]
[BlackElo "2038"]
[Annotator "NA"]
[PlyCount "100"]
[EventDate "2019.09.07"]
[EventType "team-tourn"]
[EventCountry "POL"]
[SourceTitle "playchess.com"]
[Source "ChessBase"]
[SourceQuality "1"]
[TimeControl "40/5400+30:1800+30"]

1. d4 {[%emt 0:00:00]} Nf6 {[%emt 0:00:00]} 2. c4 {[%emt 0:00:00]} e6 {[%emt 0:00:00]} 3. Nc3 {[%emt 0:00:00]} Bb4 {[%emt 0:00:38]} 4. e3 {[%emt 0:00:24]} O-O {[%emt 0:02:04]} 5. Nge2 {[%emt 0:00:10]} b6 {[%emt 0:00:45]} 6. a3 {[%emt 0:00:47]} Bxc3+ {[%emt 0:01:15]} 7. Nxc3 {[%emt 0:00:26]} Bb7 {[%emt 0:01:20]} 8. d5 {[%emt 0:01:23]} e5 {[%emt 0:16:15]} 9. e4 {[%emt 0:05:26]} h6 {[%emt 0:03:03]} 10. Bd3 {[%emt 0:03:53]} d6 {[%emt 0:03:27]} 11. O-O {[%emt 0:00:25]} Nbd7 {[%emt 0:01:55]} 12. b4 {[%emt 0:08:56]} a5 {[%emt 0:02:43]} 13. Rb1 {[%emt 0:10:25]} axb4 {[%emt 0:09:01]} 14. axb4 {[%emt 0:00:50]} Ba6 {[%emt 0:01:26]} 15. Be3 {[%emt 0:02:10]} Qe7 {[%emt 0:02:54]} 16. Nb5 {[%emt 0:12:53]} Bxb5 {[%emt 0:07:40]} 17. cxb5 {[%emt 0:00:02]} Ra7 {[%emt 0:00:13]} 18. Rc1 {[%emt 0:02:03]} Rfa8 {[%emt 0:00:55]} 19. Rc6 {[%emt 0:11:05]} Nf8 {[%emt 0:06:59]} 20. Qf3 {[%emt 0:08:40]} Ng6 {[%emt 0:03:49]} 21. Rfc1 {[%emt 0:00:27]} Ne8 {[%emt 0:02:18]} 22. g3 {[%emt 0:04:20]} Ra3 {[%emt 0:04:59]} 23. Bf1 {[%emt 0:01:50]} Rb3 {[%emt 0:05:14]} 24. Bh3 {[%emt 0:03:00]} Rxb4 {[%emt 0:03:50]} 25. Bf5 {[%emt 0:00:35]} Qf6 {[%emt 0:05:22]} 26. Qg4 {[%emt 0:08:36]} Ne7 {[%emt 0:04:22]} 27. Bd7 {[%emt 0:00:19]} Nxc6 {[%emt 0:02:21]} 28. Bxc6 {[%emt 0:00:13]} Rd8 {[%emt 0:01:12]} 29. Bxe8 {[%emt 0:01:08]} Rxe8 {[%emt 0:00:03]} 30. Rxc7 {[%emt 0:00:02]} Rxb5 {[%emt 0:01:29]} 31. Rb7 {[%emt 0:06:18]} Rb1+ {[%emt 0:02:13]} 32. Kg2 {[%emt 0:00:04]} b5 {[%emt 0:02:19]} 33. Qe2 {[%emt 0:05:35]} Rb4 {[%emt 0:03:15]} 34. f3 {[%emt 0:02:47]} Rc8 {[%emt 0:00:24]} 35. Rxb5 {[%emt 0:00:15]} Rxb5 {[%emt 0:01:05]} 36. Qxb5 {[%emt 0:00:01]} Rc2+ {[%emt 0:00:12]} 37. Bf2 {[%emt 0:00:23]} Qd8 {[%emt 0:00:42]} 38. Qd3 {[%emt 0:00:48]} Qc7 {[%emt 0:00:24]} 39. g4 {[%emt 0:02:02]} Qc5 {[%emt 0:00:47]} 40. Qf1 {[%emt 0:00:00]} Qc3 {[%emt 0:00:00]} 41. Kg3 {[%emt 0:00:35]} Qd2 {[%emt 0:01:03]} 42. Qe1 {[%emt 0:08:26]} Qf4+ {[%emt 0:04:17]} 43. Kg2 {[%emt 0:00:04]} g6 {[%emt 0:02:17]} 44. Qd1 {[%emt 0:04:25]} Rd2 {[%emt 0:01:56]} 45. Qb3 {[%emt 0:04:39]} Kg7 {[%emt 0:04:32]} 46. Kg1 {[%emt 0:02:05]} Re2 {[%emt 0:02:44]} 47. Qc3 {[%emt 0:03:39]} h5 {[%emt 0:04:16]} 48. h3 {[%emt 0:01:23]} h4 {[%emt 0:07:46]} 49. Qd3 {[%emt 0:04:36]} Qc1+ {[%emt 0:00:42]} 50. Kg2 {[%emt 0:00:29]} Qb2 {[%emt 0:00:09]} 0-1

[Event "POL-chT 2 Liga 2019"]
[Site "Poronin"]
[Date "2019.09.07"]
[Round "1.54"]
[White "Szydlowska-Duda, Marta"]
[Black "Pacuszka, Wioletta"]
[Result "1-0"]
[WhiteElo "1986"]
[BlackElo "1764"]
[Annotator "NA"]
[PlyCount "29"]
[EventDate "2019.09.07"]
[EventType "team-tourn"]
[EventCountry "POL"]
[SourceTitle "playchess.com"]
[Source "ChessBase"]
[SourceQuality "1"]
[TimeControl "40/5400+30:1800+30"]

1. d4 {[%emt 0:00:00]} d5 {[%emt 0:00:00]} 2. Nf3 {[%emt 0:00:00]} Nf6 {[%emt 0:00:00]} 3. Bf4 {[%emt 0:00:00]} e6 {[%emt 0:00:00]} 4. e3 {[%emt 0:00:05]} Bd6 {[%emt 0:00:19]} 5. Ne5 {[%emt 0:02:15]} O-O {[%emt 0:03:15]} 6. Bd3 {[%emt 0:02:03]} c5 {[%emt 0:07:54]} 7. c3 {[%emt 0:01:06]} b6 {[%emt 0:01:25]} 8. Nd2 {[%emt 0:02:13]} Bb7 {[%emt 0:00:33]} 9. O-O {[%emt 0:02:45]} Nc6 {[%emt 0:08:22]} 10. Ndf3 {[%emt 0:03:45]} Ne7 {[%emt 0:03:09]} 11. Qe2 {[%emt 0:10:30]} Ne4 {[%emt 0:18:54]} 12. dxc5 {[%emt 0:13:58]} Nxc5 {[%emt 0:02:43]} 13. Bxh7+ {[%emt 0:04:17]} Kh8 {[%emt 0:04:10]} 14. Ng5 {[%emt 0:02:31]} Bxe5 {[%emt 0:17:03]} 15. Qh5 {[%emt 0:01:34]} 1-0